00520nam a2200169Ia 450000500170000000800410001702000180005808200130007610000230008924500350011226000580014730000140020565000110021994200060023095200990023699900150033520250405105027.0240331s9999 xx 000 0 und d a9789555011501 bSIVa894 aSivasubramaniam, T 0aMutpokku ilakkiyach chemmalkal aColombobIlankai mutpoku kalai ilakkiya peravaic2007 a104 p .,e aEssays cL 001040708LaWERCLbWERCLcSSCd2024-03-31l0o 894.811 SIVp5884r2024-03-31w2024-03-31yL c4104d4104